Pages sociales / (Record no. 59228)

MARC details
000 -LEADER
campo de control de longitud fija 00791nam a2200169 i 4500
001 - NÚMERO DE CONTROL
campo de control 59228
003 - IDENTIFICADOR DE NÚMERO DE CONTROL
campo de control ES-MaACL
005 - FECHA Y HORA DE LA ÚLTIMA TRANSACCIÓN
campo de control 20230906164006.0
007 - CAMPO FIJO DE DESCRIPCIÓN FÍSICA--INFORMACIÓN GENERAL
campo de control de longitud fija t|
008 - DATOS DE LONGITUD FIJA--INFORMACIÓN GENERAL
campo de control de longitud fija 031027s1909 fr ||||1| fre d
100 1# - ENTRADA PRINCIPAL--NOMBRE DE PERSONA
Nombre de persona Eichthal, Eugène d'.
9 (RLIN) 46815
245 10 - MENCIÓN DEL TÍTULO
Título Pages sociales /
Mención de responsabilidad, etc. par Eugene d' Eichthal.
260 ## - PUBLICACIÓN, DISTRIBUCIÓN, ETC.
Lugar de publicación, distribución, etc. París :
Nombre del editor, distribuidor, etc. [s.n.,
Fecha de publicación, distribución, etc. 1909] (
Lugar de fabricación/manufactura Chartres :
Fabricante Imprimerie Durand)
300 ## - DESCRIPCIÓN FÍSICA
Extensión XVII, 225 p. ;
Dimensiones 18 cm.
505 8# - NOTA DE CONTENIDO CON FORMATO
Nota de contenido con formato Contiene: Des bases du droit socialiste. Le leudemanin de la révolution sociale. L'Etat socialiste et la propiété. Le socialisme a l'oeuvre. Socialisme et syndicalisme. Solidarisme, solidarité et dévonement social. Théories sur l'Etat et la démocratie. Philosophie des sciences sociales et sociologie. Esthétique sociale
852 ## - LOCALIZACIÓN
Ubicación ES-MaACL
Número de control de estantería F-11867
Holdings
Estatus retirado Estado de pérdida Estado de daño No para préstamo Biblioteca de origen Biblioteca actual Ubicación en estantería Fecha de adquisición Fuente de adquisición Total de préstamos Signatura topográfica completa Código de barras Visto por última vez Precio de reemplazo Tipo de ítem Koha
        Biblioteca del Ateneo de Madrid Biblioteca del Ateneo de Madrid Sala Pecera Planta 2 17/01/2008     F-11867 1062129 23/02/2023 23/02/2023 Libro impreso